000 00609cab a2200205 4500
001 X1084
008 090401t1993 xxu||||| |||| 00| 0 eng d
035 _a(Sirsi) u14610
041 _aeng
245 _aMembers Accounts Regulations 1993 : arrangements for chattels auctioneers
260 _c1993
350 _a0
490 _aCS Monthly : General Practice
_v3(2) October 1993, 6(1)
650 _aCHATTELS AUCTIONEERS
650 _aLIVESTOCK AUCTIONEERS
650 _aRICS MEMBERS' ACCOUNTS RULES
690 _aMANAGEMENT-BUSINESS MANAGEMENT-PROFESSIONAL PRACTICE
942 _n0
948 _c04/03/1997
999 _c9534
_d9534